000
00282nam a22001337a 4500
008
181022b xxu||||| |||| 00| 0 eng d
020
_a
9780071779685
041
_a
eng
080
_a
575
100
_a
5
101
_a
BIO
245
_a
Biochemistry
_c
Kuchel,P.W
942
_2
udc
_c
BK
999
_c
50427
_d
50427